A sunny place for shady people (Record no. 4550)

MARC details
000 -CABECERA
campo de control de longitud fija 02314cam a2200289 i 4500
001 - NÚMERO DE CONTROL
campo de control 13606504
005 - FECHA Y HORA DE LA ÚLTIMA TRANSACCIÓN
campo de control 20250321101417.0
008 - DATOS DE LONGITUD FIJA--INFORMACIÓN GENERAL
campo de control de longitud fija 240204s2024 enk 000 f eng d
020 ## - NÚMERO INTERNACIONAL ESTÁNDAR DEL LIBRO
Número Internacional Estándar del Libro 9781803511238
Información calificativa paperback
024 ## - IDENTIFICADOR DE OTROS ESTÁNDARES
Número estándar o código 60002550246
035 ## - NÚMERO DE CONTROL DEL SISTEMA
Número de control de sistema (OCoLC)on1419867595
040 ## - FUENTE DE LA CATALOGACIÓN
Centro catalogador/agencia de origen YDX
Lengua de catalogación eng
Normas de descripción rda
Centro/agencia transcriptor YDX
Centro/agencia modificador SINLB
-- QGQ
-- OCLCO
-- YDX
-- UtOrBLW
041 1# - CÓDIGO DE LENGUA
Código de lengua del texto/banda sonora o título independiente eng
Código de lengua original spa
050 #4 - SIGNATURA TOPOGRÁFICA DE LA BIBLIOTECA DEL CONGRESO
Número de clasificación PQ7798.15.N75
Número de documento/Ítem L8413 2024
100 ## - ENTRADA PRINCIPAL--NOMBRE DE PERSONA
Nombre de persona Enriquez, Mariana,
Término indicativo de función/relación author.
9 (RLIN) 23650
240 10 - TÍTULO UNIFORME
Título uniforme Lugar soleado para gente sombría.
Lenguaje de la obra English
245 12 - MENCIÓN DE TÍTULO
Título A sunny place for shady people
Resto del título : stories /
Mención de responsabilidad, etc. Mariana Enriquez ; translated from the Spanish by Megan McDowell.
264 #1 - PRODUCCIÓN, PUBLICACIÓN, DISTRIBUCIÓN, FABRICACIÓN Y COPYRIGHT
Producción, publicación, distribución, fabricación y copyright London :
Nombre del de productor, editor, distribuidor, fabricante Granta Books,
Fecha de producción, publicación, distribución, fabricación o copyright 2024.
300 ## - DESCRIPCIÓN FÍSICA
Extensión xi, 257 pages :
Otras características físicas illustrations ;
Dimensiones 22 cm
500 ## - NOTA GENERAL
Nota general "Originally published in Spain as Un lugar soleado para gente sombríia by by Anagrama in Barcelona, Spain in 2024"--Title page verso.
520 ## - SUMARIO, ETC.
Sumario, etc. On the shores of this river, all the birds that fly, drink, perch on branches, and disturb siestas with the demonic squawking of the possessed-all those birds were once women. Welcome to Argentina and the fascinating, frightening, fantastical imagination of Mariana Enriquez. In twelve spellbinding new stories, Enriquez writes about ordinary people, especially women, whose lives turn inside out when they encounter terror, the surreal, and the supernatural. A neighborhood nuisanced by ghosts, a family whose faces melt away, a faded hotel haunted by a girl who dissolved in the watertank on the roof, a riverbank populated by birds that used to be women-these and other tales illuminate the shadows of contemporary life, where the line between good and evil no longer exists. Lyrical and hypnotic, heart-stopping and deeply moving, Enriquez's stories never fail to enthrall, entertain, and leave us shaken. Translated by the award-winning Megan McDowell, Enriquez's latest collection showcases her unique blend of the literary and the horrific, and show why Kazuo Ishiguro, winner of the Nobel Prize for Literature, calls her, "the most exciting discovery I've made in fiction for some time.
600 #0 - PUNTO DE ACCESO ADICIONAL DE MATERIA--NOMBRE DE PERSONA
Nombre de persona Enriquez, Mariana
Subdivisión de forma Translations into English.
9 (RLIN) 23650
650 #0 - PUNTO DE ACCESO ADICIONAL DE MATERIA--TÉRMINO DE MATERIA
Término de materia o nombre geográfico como elemento de entrada Women
Subdivisión de forma Fiction
9 (RLIN) 11136
650 #0 - PUNTO DE ACCESO ADICIONAL DE MATERIA--TÉRMINO DE MATERIA
Término de materia o nombre geográfico como elemento de entrada Spirits
Subdivisión de forma Fiction.
700 ## - ENTRADA AGREGADA--NOMBRE PERSONAL
Nombre de persona McDowell, Megan,
Término indicativo de función/relación translator.
9 (RLIN) 24949
942 ## - ELEMENTOS DE ENTRADA AGREGADA (KOHA)
Fuente del sistema de clasificación o colocación Clasificación de Library of Congress
Holdings
Estado de retiro Estado de pérdida Fuente del sistema de clasificación o colocación Estado dañado No para préstamo Biblioteca de origen Biblioteca actual Fecha de adquisición Total de préstamos Signatura topográfica completa Código de barras Fecha visto por última vez Fecha del último préstamo Número de copia Precio válido a partir de Tipo de ítem Koha
    Clasificación de Library of Congress     TBS Barcelona TBS Barcelona 21/03/2025 1 P-EN ENR B05798 20/04/2026 08/04/2026 1 21/03/2025 Book

Powered by Koha